000 00735nam a2200229Ia 4500
001 14750
003 GE_BSU
008 181216s||||||||xx |||||||||||||| ||und||
040 _cGE_BSU
080 _a621.313(075.8)
100 _aСипаилов,Г.Л. Кононенко,Е.В. Хорьков,К.А.
245 _aЭлектрические машины(специальный курс).
245 _bУчеб. для вузов.
250 _a2-е изд. переаб. и доп.
260 _aМ.
260 _bВысш. шк.
260 _c1987.
300 _a287 стр. с илл. 22 см.
300 _eТабл.
653 _aЭлектрические машины(специальный курс).
942 _cBK
999 _c47874
_d47874